Alle Lageangaben der Gemeinden Österreichs - Statistiken

Allgemein
  • Dieses Quiz wurde 118 mal gespielt
  • Das Durchschnittsergebnis liegt bei 110 aus 246
Antwortstatistiken
Gemeinden Präp. Lageangabe % Korrekt
Afritz, Feld, Fuschl, Gaishorn, Keutschach, Lochen, Lunz, Millstatt, Mörbisch, Neusiedl, Obertrum, Podersdorf, Weiden, Winden, Zell am See
97%
Aschach, Emmersdorf, Feldkirchen, Haibach, Hainburg, Kirchberg, Krems, Luftenberg, Mannsdorf, Marbach, Mautern, Neustadtl, Orth, St. Nikola, Tulln, Ybbs, Zwentendorf an/ob der Donau
96%
Braunau, Breitenbach, Kirchdorf, Mühlheim, Obernberg, St. Florian, Wernstein am Inn
96%
Bruck, Kraubath, Pernegg an der Mur
96%
Breitenfurt, Gerasdorf bei Wien
94%
Berndorf, Hof, Oberndorf, St. Georgen bei Salzburg
93%
Buch, Hall, Kematen, Kirchberg, Kirchdorf, Oberndorf, Polling, St. Johann, Seefeld in Tirol
93%
Spittal an der Drau
91%
Eggersdorf, Feldkirchen, Hart, Kainbach, Kalsdorf, Nestelbach, St. Marein, St. Radegund bei Graz
90%
Heiligenblut, Kals am Großglockner
90%
Bruck, Götzendorf, Neufeld, Trautmannsdorf, Wimpassing an der Leitha
90%
Karlstein, Laa, Raabs, Waidhofen (-Land), Waldkirchen an der Thaya
90%
Klagenfurt, Krumpendorf, Pörtschach, Schiefling, Techelsberg, Velden am Wörthersee
89%
Ebenthal, Feldkirchen, Gmünd, Krems in Kärnten
87%
Göstling, Hollenstein, Kematen, Neuhofen, Neumarkt, Waidhofen an der Ybbs
87%
Kirchheim, Kopfing, Neuhofen, Ort, Polling, Rainbach, Ried, St. Martin, St. Veit, Schwand, Taiskirchen, Weng im Innkreis
84%
Altenberg, Kirchschlag bei Linz
84%
Altenmarkt, Eben, St. Johann, St. Veit, Schwarzach im Pongau
84%
Breitenbrunn, Oggau, Purbach am Neusiedler See
83%
Steinerkirchen, Weißkirchen an der Traun
83%
Attersee, Nußdorf, Schörfling, Seewalchen, Steinbach, Unterach, Weyregg am Attersee
81%
Mautern, Neumarkt, Straß, Weißkirchen in (der) Steiermark
81%
Pettneu, St. Anton am Arlberg
80%
Golling an der Salzach
80%
Gries, Matrei, Obernberg, Steinach am Brenner
79%
Kematen, Kirchdorf, Neuhofen, Rohrendorf, Wartberg an der/bei Krems
79%
Haslach an der Mühl
79%
St. Veit an der Glan
77%
Angern, Hohenau, Weiden an der March
77%
Neuberg an der Mürz
76%
Matrei in Osttirol
76%
Brunn, Göpfritz an der Wild
76%
Bruck, Zell am Ziller
76%
Loipersbach, Neuberg, Oberdorf, Ollersdorf, Rohr, St. Margarethen, St. Michael, Wallern im Burgenland
74%
Brunn, Rohr, Schützen, Schwarzau am/im Gebirge
74%
Hofstätten, Kirchberg, Mitterdorf, St. Margarethen, St. Martin, St. Ruprecht an der Raab
74%
Aschach, St. Ulrich, Steinbach an der/bei Steyr
74%
Feistritz, Kirchberg, St. Corona, St. Lorenzen am Wechsel
74%
Aigen im Ennstal
73%
St. Jakob in Haus
73%
Maria Alm, Saalfelden am Steinernen Meer
73%
Ramsau am Dachstein
71%
Gars, Krumau, Schönberg am Kamp
71%
Bad St. Leonhard, St. Georgen, St. Paul im Lavanttal
71%
Peilstein im Mühlviertel
71%
Ebensee am Traunsee
71%
Neukirchen, Prägraten am Großvenediger
70%
Frankenburg, Haag, Ottnang, St. Marienkirchen, Wolfsegg am Hausruck
70%
Seeboden am Millstätter See
70%
Reichenau an der Rax
70%
Kirchberg, Laab, Neukirchen, St. Georgen, St. Jakob, St. Johann, St. Johann, Weinzierl am/im Walde
70%
Lichtenau im Waldviertel
70%
Henndorf, Neumarkt, Seekirchen am Wallersee
70%
Grünbach, Puchberg am Schneeberg
69%
Pichl, Thalheim bei Wels
69%
St. Wolfgang im Salzkammergut
67%
Steindorf, Treffen am Ossiacher See
66%
Asparn, Neusiedl an der Zaya
66%
Bad Goisern am Hallstättersee
64%
St. Andrä, St. Margarethen, St. Michael im Lungau
64%
Spital am Semmering
64%
Berg, Dellach im Drautal
63%
Feistritz an der Gail
63%
Arzl, St. Leonhard im Pitztal
63%
Spital am Pyhrn
63%
Aschau, Hart, Ramsau, Ried, Strass im Zillertal
63%
Allerheiligen, Hagenberg, Haibach, Hirschbach, Hofkirchen, Kleinzell, Lembach, Lichtenau, Neumarkt, Neustift, Ottenschlag, Pfarrkirchen, Rainbach, Reichenau, St. Gotthard, St. Martin, St Ulrich, Schönau, Sonnberg, St. Veit im Mühlkreis
61%
Langen bei Bregenz
60%
Hopfgarten, St. Jakob, St. Veit in Defereggen
60%
Enzersfeld, Neudorf, Sulz, Wolkersdorf im Weinviertel
60%
Grünau im Almtal
57%
St. Peter in der Au
57%
Golling, Purgstall an der Erlauf
57%
Dienten, Mühlbach am Hochkönig
57%
St. Barbara, St. Lorenzen, St. Marein, Stanz im Mürztal
57%
Micheldorf in Oberösterreich
57%
Kirchschlag in der Buckligen Welt
56%
St. Kanzian am Klopeiner See
56%
Neustift, Rohrbach an der Lafnitz
56%
Innerschwand am Mondsee
56%
Feistritz, St. Jakob, St. Margareten, St. Stefan im Rosental
56%
Finkenstein am Faaker See
54%
Enzersdorf, Mitterndorf an der Fischa
54%
Strasshof an der Nordbahn
54%
Zwettl an der Rodl
54%
Bruck, Fusch an der Großglocknerstraße
53%
St. Georgen an der Gusen
53%
Aurach, Reith bei Kitzbühel
53%
Hollersbach, Wald im Pinzgau
53%
Ehrenhausen, Leutschach an der Weinstraße
53%
Going, Scheffau am Wilden Kaiser
53%
St. Thomas am Blasenstein
51%
Nötsch, St. Stefan im Gailtal
51%
Rennweg am Katschberg
51%
Dorf, Taufkirchen, Zell an der Pram
51%
Nußdorf ob der Traisen
51%
Altenmarkt, Furth, Schönau, Weissenbach an der Triesting
51%
Puch bei Weiz
51%
Hopfgarten im Brixental
50%
Telfes im Stubai
50%
Berg, St. Georgen, Straß, Weißenkirchen im Attergau
49%
St. Leonhard, St. Oswald, Windhaag bei Freistadt
49%
St. Martin, Weißbach bei Lofer
47%
Oberndorf an der Melk
47%
St. Egyden, Schwarzau, Weikersdorf am Steinfeld(e)
47%
Neustift, Schönberg im Stubaital
47%
Eggendorf, Hofkirchen, Ried im Traunkreis
47%
Puch bei Hallein
46%
Oberhofen im Inntal
46%
St. Stefan ob Leoben
46%
Brixen im Thale
46%
St. Leonhard, Steinakirchen am Forst
44%
Breitenau am Hochlantsch
44%
St. Margrethen bei Knittelfeld
44%
Weißenbach am Lech
44%
Au, Hof, Mannersdorf am Leithagebirge
44%
Fels, Kirchberg, Königsbrunn, Stetteldorf am Wagram
44%
Eben am Achensee
43%
St. Peter am Hart
43%
St. Georgen, St. Peter ob Judenburg
43%
Rotenturm an der Pinka
43%
Edelsbach bei Feldbach
41%
St. Ulrich am Pillersee
41%
Klaus an der Pyhrnbahn
41%
Waldhausen im Strudengau
41%
St. Andrä am Zicksee
41%
Leopoldsdorf im Marchfelde
40%
St. Michael in Obersteiermark
40%
Windhaag bei Perg
40%
Kirchberg, Rabenstein, Schwarzenbach an der Pielach
40%
Alberndorf, Ried in der Riedmark
40%
Furth bei Göttweig
39%
St. Anton im Montafon
39%
Kitzeck, St. Nikolai im Sausal
39%
Weißenkirchen in der Wachau
39%
St. Anna am Aigen
37%
Mitterbach am Erlaufsee
37%
Rohrbach, St. Veit an der Gölsen
37%
Grafendorf, Rohr bei Hartberg
37%
Gries, St. Sigmund im Sellrain
37%
Kainach bei Voitsberg
37%
Weitensfeld im Gurktal
36%
St. Veit in der Südsteiermark
36%
Fladnitz an der Teichalm
36%
Hofkirchen, Taufkirchen, Wallern an der Trattnach
36%
Allerheiligen bei Wildon
36%
St. Kathrein am Hauenstein
34%
St. Kathrein am Offenegg
34%
Bramberg am Wildkogel
34%
Klaffer am Hochficht
33%
Maria Laach am Jauerling
33%
St. Georgen am Längsee
33%
St. Marienkirchen bei Schärding
33%
Wald am Schoberpaß
33%
Reith bei Seefeld
33%
St. Martin, Scheffau am Tennengebirge
33%
St. Josef - Weststeiermark
33%
Wartberg ob der Aist
31%
Mils bei Imst
31%
Lohnsburg im Kobernaußerwald
31%
Heiligenkreuz im Lafnitztal
31%
Stanz bei Landeck
31%
Kammern im Liesingtal
31%
St. Aegyd am Neuwalde
31%
St. Stefan ob Stainz
31%
Roitham am Traunfall
31%
Neukirchen an der Vöckla
31%
Pfaffenschlag bei Waidhofen/Thaya
31%
Trausdorf an der Wulka
31%
Reith im Alpbachtal
30%
Neustift bei Güssing
30%
Rußbach am Paß Gschütt
30%
St. Martin, St. Peter im Sulmtal
30%
Eschenau, Neumarkt im Hausruckkreis
29%
Rosenau am Hengstpaß
29%
Inzersdorf, Rohr im Kremstal
29%
Rohrbach bei Mattersburg
29%
Feldkirchen, Kirchberg bei Mattighofen
29%
Altenmarkt bei Sankt Gallen
29%
Sitzendorf an der Schmida
29%
Straß im Straßertale
29%
Gersdorf an der Feistritz
27%
Höflein an der Hohen Wand
27%
St. Anton an der Jeßnitz
27%
Weiden bei Rechnitz
27%
Steinberg am Rofan
27%
Wimpassing im Schwarzatale
27%
Zell am Moos
26%
Pfarrkirchen bei Bad Hall
24%
Neukirchen an der Enknach
24%
Ampflwang im Hausruckwald
24%
Pischelsdorf am Kulm
24%
Edt, Neukirchen bei Lambach
24%
Frauental an der Laßnitz
24%
Kirnberg an der Mank
24%
Feistritz ob Bleiburg
23%
Schwarzenberg am Böhmerwald
23%
Bergern im Dunkelsteinerwald
23%
St. Georgen bei Grieskirchen
23%
Rosental an der Kainach
23%
Mitterkirchen, Naarn im Machland(e)
23%
St. Marienkirchen an der Polsenz
23%
Alberndorf im Pulkautal
23%
St. Georgen am Reith
23%
Heiligenkreuz am Waasen
23%
Albrechtsberg an der Großen Krems
21%
Ried im Oberinntal
21%
St. Oswald bei Plankenwarth
21%
Raach am Hochgebirge
20%
Neudorf bei Parndorf
20%
Miesenbach bei Birkfeld
17%
Aurach am Hongar
17%
Kematen am Innbach
17%
Oberhofen am Irrsee
17%
St. Georgen bei Obernberg am Inn
17%
Mannersdorf an der Rabnitz
17%
St. Peter am Kammersberg
16%
Pirching am Traubenberg
16%
St. Georgen am Ybbsfelde
16%
St. Oswald bei Haslach
13%
Neuhaus am Klausenbach
13%
St. Peter am Ottersbach
13%
Zell am Pettenfirst
13%
St. Johann, St. Peter am Wimberg
13%
St. Johann in der Haide
11%
Hohenwarth-Mühlbach am Manhartsberg
11%
Kasten bei Böheimkirchen
10%
St. Georgen am Kreischberg
10%
St. Margarethen an der Sierning
10%
St. Georgen am Fillmannsbach
9%
Kappel am Krappfeld
9%
Ottendorf an der Rittschein
9%
Mettersdorf am Saßbach
9%
Oberndorf bei Schwanenstadt
9%
Gilgenberg am Weilhart
9%
Steinbach am Ziehberg
9%
Perwang am Grabensee
7%
St. Leonhard am Hornerwald
7%
St. Georgen an der Stiefing
7%
Waldkirchen am Wesen
7%
St. Martin am Wöllmißberg
7%
St. Georgen an der Leys
6%
St. Johann im Saggautal
6%
Pirching am Engelbach
4%
Puchkirchen am Trattberg
4%
Nußdorf am Haunsberg
3%
Keine übereinstimmenden Quizze gefunden
Verteilung der Resultate
Anzahl Personen mit jedem Resultat
Perzentil nach korrekt beantworteten Fragen
Ihre Resultats-Entwicklung
Sie haben dieses Quiz noch nicht gespielt